00313nam a2200121 a 45000010005000000030005000050050017000100080041000270400026000681000022000942450058001162600017001741174CDMR20130708120654.0130130s1957||||||||||||||||||||||||||||d aCDMRbcatcCPC GIRONA1 aAcevedo, Evaristo10aEnciclopedia del despiste nacionalcAcevedo, Evaristo c1957bTaurus